| 000 | 01247nam a2200301 i 4500 | ||
|---|---|---|---|
| 001 | bg | ||
| 245 | 0 | 0 |
_aSurowce skalne : _bkamienie budowlane i drogowe / _cred. t. Krzysztof Galos, Tadusz Smakowski ; aut. Wiesław Frankiewicz [et al.] ; Polska Akademia Nauk. Instytut Gospodarki Surowcami Mineralnymi i Energią. |
| 260 |
_aKraków : _bWydaw. IGSMiE PAN, _c2002. |
||
| 300 |
_a300, [3] s. : _bil., mapy ; _c24 cm. |
||
| 490 | 1 | _aSurowce mineralne Polski / pod red. Romana Neya | |
| 504 | _aBibliogr. przy rozdz. | ||
| 650 | 9 |
_aKamienie budowlane _zPolska |
|
| 650 | 9 |
_aSkały _zPolska |
|
| 700 | 1 |
_aNEY, Roman _d(1931- ). _eRed. |
|
| 700 | 1 |
_aGALOS, Krzysztof. _eRed. |
|
| 700 | 1 |
_aSMAKOWSKI, Tadeusz. _eRed. |
|
| 700 | 1 | _aFRANKIEWICZ, Wiesław | |
| 710 | 0 |
_aPolska Akademia Nauk _bInstytut Gospodarki Surowcami Mineralnymi i Energią |
|
| 830 | 0 | _aSurowce mineralne Polski (pod red. Romana Neya) | |
| 020 | _a8389174456 | ||
| 040 | _cBPK | ||
| 041 | 0 | _apol | |
| 080 | _a553.5:622.35](438) | ||
| 920 | _a83-89174-45-6 | ||
| 942 | _cKS | ||
| 008 | s pl f |000 0 pol | ||
| 999 |
_c44708 _d44708 |
||
| 856 |
_uhttp://koha.tu.koszalin.pl/cgi-bin/koha/opac-detail.pl?biblionumber=44708 _yKatalog online BPK |
||